000 00360nam a2200145Ia 4500
008 230711s9999||||xx |||||||||||||| ||und||
041 _aENG
082 _a720
_bST-A
100 _aStaebler,Wendy W.
245 0 _aArchitectural detailing in contract interior
250 _a1st . Ed.
260 _c1988
_aNew York
_bWestland
650 _aArchitecture
942 _cBK
999 _c405
_d405